LEADER 02451nam 2200409 450 001 996337196303316 005 20240213133104.0 010 $a88-15-09426-1 010 $a88-15-14375-0 035 $a(CKB)2470000000005200 035 $a(NjHacI)992470000000005200 035 $a(EXLCZ)992470000000005200 100 $a20240213d2009 uy 0 101 0 $aita 135 $aur||||||||||| 181 $ctxt$2rdacontent 182 $cc$2rdamedia 183 $acr$2rdacarrier 200 13$aIl diritto all'identita? personale $eInterpretazione costituzionale e creativita? giurisprudenziale /$fGiorgio Pino 210 1$aBologna, Italy :$cSocieta? editrice il Mulino,$d2009. 215 $a1 online resource (240 pages) 330 $aSecondo una definizione ormai consolidata nella piu? recente cultura giuridica italiana, il diritto all'identita? personale e? il diritto di ognuno a che la proiezione sociale della propria personalita? non subisca travisamenti o distorsioni a causa della attribuzione di idee, opinioni o comportamenti differenti da quelli che l'individuo ha manifestato nella vita di relazione. Frutto degli sforzi creativi di un corposo orientamento giurisprudenziale, che inizia ad emergere nella seconda meta? degli anni '70, in parte incoraggiato e in parte avversato dalla dottrina, il diritto all'identita? personale si e? imposto come nuovo diritto fondamentale della persona, e la sua rilevanza costituzionale e? stata riconosciuta dalla stessa Corte Costituzionale. Il volume esamina l'atmosfera culturale che ha preparato il terreno all'emergere di questo nuovo diritto, il percorso giurisprudenziale che ne ha definito i confini e i contesti di applicazione, il dibattito dottrinale che ne ha vagliato il fondamento normativo, l'opportunita? giuspolitica e la rilevanza costituzionale. 517 $aDiritto all'identità personale 517 $aIl diritto all'identità personale: Interpretazione costituzionale e creatività giurisprudenziale 517 $aIl diritto all'identità personale. Interpretazione costituzionale e creatività giurisprudenziale 606 $aPrivate law 606 $aHuman rights 615 0$aPrivate law. 615 0$aHuman rights. 676 $a346 700 $aPino$b Giorgio$0283060 801 0$bNjHacI 801 1$bNjHacl 906 $aBOOK 912 $a996337196303316 996 $aIl diritto all'identità personale$91972287 997 $aUNISA LEADER 03390oam 22006134a 450 001 9910861991303321 005 20230124200850.0 010 $a1-9788-0488-1 010 $a1-9788-0486-5 024 7 $a10.36019/9781978804883 035 $a(CKB)4100000011883514 035 $a(OCoLC)1245579213 035 $a(MdBmJHUP)muse98589 035 $a(MiAaPQ)EBC6536720 035 $a(Au-PeEL)EBL6536720 035 $a(DE-B1597)588953 035 $a(DE-B1597)9781978804883 035 $a(EXLCZ)994100000011883514 100 $a20200810d2021 uy 0 101 0 $aeng 135 $aur|||||||nn|n 181 $ctxt$2rdacontent 182 $cc$2rdamedia 183 $acr$2rdacarrier 200 10$aLife in a Cambodian Orphanage$eA Childhood Journey for New Opportunities /$fKathie Carpenter 210 1$aNew Brunswick :$cRutgers University Press,$d[2021] 210 4$d©[2021] 215 $a1 online resource (vii, 207 pages) $cillustrations ; 225 0 $aRutgers series in childhood studies 311 $a1-9788-0484-9 311 $a1-9788-0485-7 327 $aHistory of orphanages in Cambodia -- Orphanage tourism and the anti-orphanage tourism campaign -- Methods -- The rhythms of daily life in the orphanage -- The orphanage remembered: milestones and experiences -- Reflecting back and looking ahead. 330 $a"What is it like to grow up in an orphanage? What do residents themselves have to say about their experiences? Are there ways that orphanages can be designed to meet children's developmental needs and to provide them with necessities they are unable to receive in their home communities? In this book, detailed observations of children's daily life in a Cambodian orphanage are combined with follow-up interviews of the same children after they have grown and left the orphanage. Their thoughtful reflections show that the quality of care children receive is more important for their well-being than the site in which they receive it. Life in a Cambodian Orphanage situates orphanages within the social and political history of Cambodia, and shows that orphanages need not always be considered bleak sites of deprivation and despair. It suggests best practices for caring for vulnerable children regardless of the setting in which they are living"--$cProvided by publisher. 410 0$aRutgers Series in Childhood Studies 606 $aOrphans$xSocial conditions$2fast$3(OCoLC)fst01048444 606 $aOrphanages$2fast$3(OCoLC)fst01048423 606 $aSOCIAL SCIENCE / Sociology / General$2bisacsh 606 $aOrphans$zCambodia$xSocial conditions 606 $aOrphanages$zCambodia 607 $aCambodia$2fast 610 $aorphan, orphanage, children, Cambodian orphanage, Cambodia, Orphanage Tourism, Anti-orphanage Tourism Campaign, residents, political history of Cambodia, despair, deprivation, adoption, family, orphanage life, residential institution, orphans, biological families. 615 7$aOrphans$xSocial conditions. 615 7$aOrphanages. 615 7$aSOCIAL SCIENCE / Sociology / General. 615 0$aOrphans$xSocial conditions. 615 0$aOrphanages 676 $a362.732 700 $aCarpenter$b Kathie Lou$01741636 801 0$bMdBmJHUP 801 1$bMdBmJHUP 906 $aBOOK 912 $a9910861991303321 996 $aLife in a Cambodian Orphanage$94167749 997 $aUNINA